000 01218naa a22003257a 4500
001 BR7405447
003 BR-BrBNA
005 20240918173621.0
007 ta
008 230509b bl.||||| |||| 00| 0 por d
040 _aBR-BrBNA
_bpor
_cBiblioteca Nacional de Agricultura
041 _a(Pt)
072 _aL30
_b6100
090 _aL30 BR7405447
100 1 _aSantana, J.
100 1 _aQuisenberry, J.H.
111 1 _a11. Reuniao da Sociedade Brasileira de Zootecnia
_cFortaleza, CE (Brazil)
_d22 Jul 1974
245 1 _aSulfato inorganico na nutricao de galinhas poedeiras [Galus domesticus]
260 3 _aFortaleza, CE (Brasil):
_bUniversidade Federal do Ceara,
_c1974.
500 _aAnais da 11. Reuniao da Sociedade Brasileira de Zootecnia Fortaleza, CE (Brasil): Universidade Federal do Ceara, 1974. p. 186-187 (BR7405447-AM)L30
650 _aNutricao animal
650 _aGalinha para postura
650 _aSulfato de potassio
650 _aMetionina
650 _aDieta
650 _aPerformance
773 0 _tAnais da 11. Reuniao da Sociedade Brasileira de Zootecnia
_wL30 BR7405447
_gFortaleza, CE (Brasil), 1974. p. 186-187
909 _a202404
_bLucia
_c55
_dLucia Elande
942 _cAM
_2AGRIS
999 _c305783
_d305783